Sports Quiz

Random Sports or NHL Quiz

Last 5 Coaches (NHL) Quiz Stats

 Plays Quiz Updated Sep 17, 2018

Challenge
Share
Tweet
Embed
Score 0/148 Timer 15:00
1 Play Today
Franchise Coach % Correct
Anaheim DucksMike Babcock
78.6%
Detroit Red WingsMike Babcock
78.6%
San Jose SharksDarryl Sutter
77%
Calgary FlamesBrent Sutter
76.8%
Los Angeles KingsDarryl Sutter
76.5%
Chicago BlackhawksBrian Sutter
76.3%
New York RangersJohn Tortorella
75.7%
Tampa Bay LightningJohn Tortorella
75.7%
Columbus Blue JacketsKen Hitchcock
72.9%
Philadelphia FlyersKen Hitchcock
72.9%
Washington CapitalsBruce Boudreau
72.4%
St. Louis BluesKen Hitchcock
72.4%
Anaheim DucksBruce Boudreau
72%
Boston BruinsClaude Julien
72%
New Jersey DevilsAdam Oates and Scott Stevens
71.8%
Minnesota WildBruce Boudreau
71.5%
Dallas StarsLindy Ruff
71%
Nashville PredatorsBarry Trotz
70.7%
Carolina HurricanesPeter Laviolette
67.5%
Anaheim DucksRandy Carlyle
67.5%
Philadelphia FlyersPeter Laviolette
67.4%
Chicago BlackhawksJoel Quenneville
67.2%
Colorado AvalancheJoel Quenneville
67.2%
Anaheim DucksRandy Carlyle
66.3%
Arizona CoyotesWayne Gretzky
66.1%
Detroit Red WingsScotty Bowman
65.9%
St. Louis BluesMike Yeo
65.8%
Toronto Maple LeafsRandy Carlyle
65.6%
Pittsburgh PenguinsDan Bylsma
65%
Buffalo SabresLindy Ruff
63.8%
Nashville PredatorsPeter Laviolette
63.6%
Vancouver CanucksAlain Vigneault
62.7%
Dallas StarsKen Hitchcock
62.1%
Vegas Golden KnightsGerard Gallant
61.1%
Colorado AvalanchePatrick Roy
59.3%
Toronto Maple LeafsRon Wilson
58.9%
San Jose SharksRon Wilson
58.9%
Carolina HurricanesPaul Maurice
57%
Toronto Maple LeafsPaul Maurice
57%
Minnesota WildJacques Lemaire
57%
Montreal CanadiensMichel Therrien
56.6%
Pittsburgh PenguinsMichel Therrien
56.5%
Carolina HurricanesRod Brind'Amour
56.4%
New Jersey DevilsJacques Lemaire
55.5%
Toronto Maple LeafsPat Quinn
55%
Edmonton OilersPat Quinn
55%
Arizona CoyotesDave Tippett
54.7%
Washington CapitalsAdam Oates
54.2%
Los Angeles KingsJohn Stevens
54.1%
Dallas StarsJim Montgomery
53.9%
Franchise Coach % Correct
New York IslandersTed Nolan
53.6%
Detroit Red WingsBryan Murray
52.6%
St. Louis BluesAndy Murray
52.4%
Los Angeles KingsTerry Murray
52.4%
Edmonton OilersTodd McLellan
52.4%
Winnipeg JetsPaul Maurice
52.3%
Ottawa SenatorsPaul MacLean
52%
New Jersey DevilsJohn MacLean
51.6%
Anaheim DucksBryan Murray
51%
Minnesota WildMike Yeo
50.4%
New Jersey DevilsJohn Hynes
49.9%
Dallas StarsMarc Crawford
49.1%
Los Angeles KingsMarc Crawford
49.1%
Vancouver CanucksMarc Crawford
49.1%
Florida PanthersPeter DeBoer
48.9%
New Jersey DevilsPeter DeBoer
48.9%
New York RangersAlain Vigneault
48.2%
Vancouver CanucksTravis Green
47.7%
Boston BruinsBruce Cassidy
47.3%
Washington CapitalsDale Hunter
47.3%
Calgary FlamesBob Hartley
47.3%
Tampa Bay LightningGuy Boucher
47%
Calgary FlamesMike Keenan
46.6%
San Jose SharksTodd McLellan
46.3%
Ottawa SenatorsDave Cameron
44.4%
Buffalo SabresPhil Housley
44.2%
Buffalo SabresRon Rolston
44.1%
Montreal CanadiensJacques Martin
43.6%
Vancouver CanucksWillie Desjardins
43.6%
Vancouver CanucksJohn Tortorella
43.2%
Florida PanthersBob Boughner
42.8%
Toronto Maple LeafsMike Babcock
41.9%
Montreal CanadiensClaude Julien
41.9%
New York RangersTom Renney
40.5%
Philadelphia FlyersJohn Stevens
40.4%
Edmonton OilersTom Renney
39.6%
Colorado AvalancheJoe Sacco
39.4%
Calgary FlamesGlen Gulutzan
38.9%
New York IslandersJack Capuano
38.3%
Washington CapitalsBarry Trotz
37.7%
Carolina HurricanesKirk Muller
37.4%
Minnesota WildTodd Richards
35.3%
Columbus Blue JacketsTodd Richards
35.1%
Boston BruinsDave Lewis
34.8%
Detroit Red WingsDave Lewis
34.8%
Edmonton OilersDallas Eakins
34.7%
Winnipeg JetsClaude Noel
34.6%
Columbus Blue JacketsJohn Tortorella
34.4%
Columbus Blue JacketsClaude Noel
34.1%
Buffalo SabresTed Nolan
34%
Franchise Coach % Correct
New York RangersGlen Sather
33.8%
Chicago BlackhawksDenis Savard
33.3%
Tampa Bay LightningBarry Melrose
33.3%
Tampa Bay LightningRick Tocchet
32.8%
Colorado AvalancheJared Bednar
31.6%
Florida PanthersKevin Dineen
30.9%
Montreal CanadiensRandy Cunneyworth
30.7%
Buffalo SabresDan Bylsma
30.5%
Montreal CanadiensBob Gainey
30.3%
Detroit Red WingsJeff Blashill
29.2%
Tampa Bay LightningJon Cooper
28.5%
Boston BruinsMike Sullivan
28.4%
Colorado AvalancheTony Granato
28.4%
Philadelphia FlyersCraig Berube
28.1%
Pittsburgh PenguinsMike Johnston
27.5%
Philadelphia FlyersDave Hakstol
26.3%
Florida PanthersGerard Gallant
26.2%
Dallas StarsGlen Gulutzan
25.2%
Ottawa SenatorsGuy Boucher
24.5%
Ottawa SenatorsCory Clouston
24.1%
Pittsburgh PenguinsMike Sullivan
23.9%
Arizona CoyotesBobby Francis
23.7%
Carolina HurricanesBill Peters
23.6%
New York RangersDavid Quinn
23.3%
Winnipeg JetsJohn Anderson
22.5%
Columbus Blue JacketsScott Arniel
22.3%
Edmonton OilersRalph Krueger
21.9%
Minnesota WildJohn Torchetti
21.8%
Pittsburgh PenguinsEd Olczyk
21.3%
Ottawa SenatorsCraig Hartsburg
20%
San Jose SharksPeter DeBoer
19.4%
Calgary FlamesBill Peters
19.2%
Boston BruinsRobbie Ftorek
18.8%
Washington CapitalsTodd Reirden
18.5%
St. Louis BluesDavis Payne
18.2%
New York IslandersScott Gordon
18%
Arizona CoyotesRick Tocchet
17.1%
Winnipeg JetsCraig Ramsay
16.8%
New York IslandersDoug Weight
15.3%
St. Louis BluesMike Kitchen
14.8%
Florida PanthersPeter Horachek
13.6%
Chicago BlackhawksTrent Yawney
12.2%
Chicago BlackhawksAlpo Suhonen
12.2%
Arizona CoyotesRick Bowness
12.1%
Los Angeles KingsJohn Torchetti
11.9%
New York IslandersBarry Trotz
11.7%
Winnipeg JetsDon Waddell
11.2%
San Jose SharksAl Sims
6.5%

You're not logged in!

Compare scores with friends on all Sporcle quizzes.
OR
Log In

You Might Also Like...

Show Comments

Extras

Top Quizzes Today


Score Distribution

Your Account Isn't Verified!

In order to create a playlist on Sporcle, you need to verify the email address you used during registration. Go to your Sporcle Settings to finish the process.

Report this User

Report this user for behavior that violates our Community Guidelines.

Details: